000 00784nam a2200241 a 4500
008
020 _a9280714899 (pbk.)
049 _aMAIN
090 _aQK341
_bUNI
110 1 _aUnited Nations Environment Programme.
245 1 0 _aLand cover assessment and monitoring /
_cUnited Nations Environment Programme.
260 _aBangkok :
_bUnited Nations Environment Programme,
_c1998.
300 _ax, 39 p. :
_bcol. ill. ;
_c30 cm.
504 _aIncludes bibliographical references.
650 1 _aLand use
_xRemote sensing.
650 _aLand cover.
650 _aLand cover assessment and monitoring.
907 _a.b10368073
_b05-02-16
_c02-02-16
003
005 20230123122203.0
040 _cNUST
942 _cBOOKS
_kQK341
_mUNI
999 _c129331
_d129331